000 00668nam a2200289Ia 4500
005 20260324121834.0
008 008 260324s9999 xx 000 0 eng d
020 _a9780203795125
037 _aEBOOK
040 _aCRL
040 _beng
040 _cCRL
041 _2eng
041 _aeng
084 _qCRL
100 _aMark Duffett
_9874948
245 0 _aPopular Music Fandom
245 0 _bIdentities, Roles and Practices
260 _bTaylor and Francis
260 _c2013
365 _a
365 _b230
856 _uhttp://www.taylorfrancis.com/books/9780203795125
942 _cEBOOK
999 _c1756419
_d1756419